000 00535nam a2200193 a 4500
005 20140310183213.0
008 970101s19uu xx 00 eng d
020 _a0697150429
050 _aHQ 767.9
_b.Sa237 1995
100 _aSantrock, John W.
245 _aChildren /
_cJohn W. Santrock.
250 _a4th ed.
260 _aMadison :
_bBrown and Benchmark Publishers Inc.,
_c1995.
300 _a655 p. :
_bcol. ill. ;
_c27 cm.
521 _aPSYCH
650 _aChildren
_xNew Zealand.
942 _cBK
_2lcc
_kFOR
999 _c20189
_d20189